1583 1331 1395 1069 1854 1138 1061 1027 1137 1221 1036 1194 1998 1997 1761 1412 1732 1777 1697 1668 1806 1635 1415 1016 1264 1869 1582 1569 1668 1250 1310 1772 1406 1170 1395 1653 1644 1067 1950 1610 1320 1514 1542 1482 1649 1638 1395 1000 1958 1905 1008 1553 1846 1710 1703 1009 1799 1927 1606 1550 1140 1213 1596 1337 1385 1907 1799 1045 1079 1440 1075 1807 1973 1214 1140 1834 1952 1816 1261 1101 1394 1040 1468 1838 1841 1330 1727 1791 1869 1277 1770 1290 1157 1268 1258 1065 1379 1845 1190 BCNSPRNW ULIB Ver.6.0+V

เปลี่ยนเป็นภาษาไทย

Change to English
 แสดงรายละเอียดบรรณานุกรม
  กลับหน้าหลัก

Brief Record : Get Marc (ISO 2709) : E-mail record : QR code < ปิดหน้าต่าง
LEADER : 00000nam 2200000uu 4500
001    13399114458
003     ULIB
008    110405s||||||||th 000 0 tha d
020    9749301706
020    9789749301708
060 04 ^aWB537^bม686ค
110 1  มูลนิธิการแพทย์แผนไทยพัฒนา
245 10 คู่มืออบรมการนวดไทย : แบบเชลยศักดิ์ /^cมูลนิธิการแพทย์แผนไทยพัฒนา
250    พิมพ์ครั้งที่ 3
260    กรุงเทพฯ :^bมูลนิธิการแพทย์แผนไทยพัฒนา,^c2553
300    134 หน้า :^bภาพประกอบสี
650  7 การนวด
650  7 คู่มืออบรม^xการนวดไทย
650  7 เชลยศักดิ์
700 0  เพ็ญนภา ทรัพย์เจริญ,^eบรรณาธิการ
945    ^p200^l0^i031574
945    ^p200^l0^i031575
995    ทศพร
999 ^a ใช้งานได้ทุกระบบ
รายการนี้ยังไม่มีแท็ก
คุณยังไม่ได้ล็อกอิน คุณสามารถมีกิจกรรมร่วมกับเว็บไซต์ได้ แต่ต้องล็อกอินก่อน ::
  ล็อกอิน

รายการสื่อสารสนเทศ

ลำดับที่ ประเภท เลขเรียก/บาร์โค้ด สถานที่ สถานะ
1. วิทยาศาสตร์การแพทย์ และสุขภาพ
หนังสือสำรอง
สถานะ=หนังสือสำรอง
WB537 ม686ค ฉ.1 
  Barcode: 031574
ห้องสมุดวิทยาเขตสวรรค์ประชารักษ์
►ส่วนจัดเก็บหนังสือเก่า สปร
บนชั้น
  ขอยืม
2. วิทยาศาสตร์การแพทย์ และสุขภาพ
วิทยาศาสตร์การแพทย์ และสุขภาพ
WB537 ม686ค ฉ.2 
  Barcode: 031575
ห้องสมุดวิทยาเขตสวรรค์ประชารักษ์
►ส่วนจัดเก็บหนังสือเก่า สปร
บนชั้น
  ขอยืม

รายการใกล้เคียง
    หัวเรื่อง [การนวด]
    หัวเรื่อง [เชลยศักดิ์]

BibComment


ยังไม่เคยถูกคอมเมนท์

คอมเมนท์ทรัพยากรรายการนี้
  คอมเมนท์: คู่มืออบรมการนวดไ..


 Copyright 2026. Bcnsprnw @Library